| 000 | 00678nam a2200193 4500 | ||
|---|---|---|---|
| 001 | 143074 | ||
| 003 | ES-MaACL | ||
| 005 | 20250523062559.0 | ||
| 007 | t| | ||
| 008 | 070214s1974 sp r ||||1| spa d | ||
| 100 | 1 |
_aSem Tob de Carrión. _9105368 |
|
| 245 | 1 | 0 |
_aGlosas de sabiduría _b: o Proverbios morales y otras rimas / _cSem Tob de Carrión ; texto, versión, introducción y comentarios de Agustín García Calvo. |
| 260 |
_aMadrid : _bAlianza, _c1974. |
||
| 300 |
_a240 p. ; _c18 cm. |
||
| 700 | 1 |
_aGarcía Calvo, Agustín, _d1926-2012 _9233841 |
|
| 852 |
_aES-MaACL _jE-5717 _bR.89941 |
||
| 852 |
_aES-MaACL _jE-7160 _bR.91714 |
||
| 999 |
_c143074 _d143074 |
||